| 000 | 01926cam a2200517 i 4500 | ||
|---|---|---|---|
| 001 | 6101 | ||
| 003 | FISKH | ||
| 005 | 20250313095205.0 | ||
| 008 | 230620t20232023nyua j 001 1 eng d | ||
| 010 | _a 2023289686 | ||
| 015 |
_aGBC324657 _2bnb |
||
| 020 |
_a9780744065749 _q(hardcover) |
||
| 020 | _a635517093971 | ||
| 020 |
_a9780744065756 _q(paperback) |
||
| 040 |
_aUKMGB _beng _erda _cUKMGB _dDLC |
||
| 050 | _aQE862.D5 T37 | ||
| 082 | _a567.9 | ||
| 100 | 1 |
_aDavis, Lee, _d1941- _eauthor. |
|
| 245 | 1 | 0 |
_aDinosaur dinners / _cWritten by Lee Davis |
| 260 |
_aLondon : _bDK publishing, _c1998 |
||
| 300 |
_a32 pages : _bcolor illustrations ; _c23 cm. |
||
| 336 |
_atext _btxt _2rdacontent |
||
| 336 |
_astill image _bsti _2rdacontent |
||
| 337 |
_aunmediated _bn _2rdamedia |
||
| 338 |
_avolume _bnc _2rdacarrier |
||
| 490 | 1 | _aDK super readers. Level 2 | |
| 500 | _aIncludes index. | ||
| 505 | _aL | ||
| 520 | _a"Use your reading superpowers to learn all about what dinosaurs ate - a high-quality, fun, nonfiction reader - carefully leveled to help children progress. Children will love to find out about the different dinosaur dinners, from T-Rex's sharp bone crushing teeth to the plant-based diet of gentle giant Brachiosaurus." | ||
| 521 | 8 |
_a520
_bLexile |
|
| 521 | 8 |
_aL
_bRaz-Plus |
|
| 650 | 0 |
_aDinosaurs _xFood _vJuvenile literature. |
|
| 650 | 0 |
_aFood habits _vJuvenile literature. |
|
| 650 | 0 | _aReaders (Elementary) | |
| 650 | 1 | _aDinosaurs. | |
| 650 | 1 | _aAnimal behavior. | |
| 650 | 7 |
_aDinosaurs _xFood. _2fast _0(OCoLC)fst00894009 |
|
| 650 | 7 |
_aReaders (Elementary) _2fast _0(OCoLC)fst01090601 |
|
| 655 | 0 | _aBeginning Readers Nonfiction. | |
| 655 | 7 |
_aJuvenile works. _2fast _0(OCoLC)fst01411637 |
|
| 655 | 7 |
_aIllustrated works. _2lcgft |
|
| 655 | 7 |
_aReaders (Publications) _2lcgft |
|
| 906 |
_a7 _bcbc _ccopycat _d2 _encip _f20 _gy-gencatlg |
||
| 942 |
_2ddc _cBK _n0 |
||
| 999 |
_c6101 _d6101 |
||